Dakshin Africa ka satya grah: Rajniti ke chetra mein bade pemane per satyagrah ke pehle prayog ka itihas (Record no. 1327772)

MARC details
000 -LEADER
fixed length control field 00573nam a2200181Ia 4500
005 - DATE AND TIME OF LATEST TRANSACTION
control field 20250508151129.0
008 - FIXED-LENGTH DATA ELEMENTS--GENERAL INFORMATION
fixed length control field 008 250505s9999 xx 000 0 hin d
037 ## - SOURCE OF ACQUISITION
Stock number Textual
040 ## - CATALOGING SOURCE
Original cataloging agency FEDL
Language of cataloging eng
Transcribing agency FEDL
041 ## - LANGUAGE CODE
Language code of text/sound track or separate title hin
Source of code eng
084 ## - COLON CLASSIFICATION NUMBER
Classification number B, GAN
Assigning agency FEDL
100 ## - MAIN ENTRY--PERSONAL NAME
Personal name Gandhi Mohan Das Karam Chand
245 #0 - TITLE STATEMENT
Title Dakshin Africa ka satya grah: Rajniti ke chetra mein bade pemane per satyagrah ke pehle prayog ka itihas
260 ## - PUBLICATION, DISTRIBUTION, ETC.
Place of publication, distribution, etc. New Delhi, India
Name of publisher, distributor, etc. Sasta Sahitya Mandal
Date of publication, distribution, etc. 1950
300 ## - PHYSICAL DESCRIPTION
Extent 426p.
942 ## - ADDED ENTRY ELEMENTS (KOHA)
Koha item type Textual
Classification part B, GAN
Holdings
Withdrawn status Lost status Damaged status Not for loan Home library Current library Date acquired Total Checkouts Full call number Barcode Date last seen Price effective from Koha item type
        Department of Education Library Department of Education Library 2025-05-08   B, GAN EL0007713 2025-05-08 2025-05-08 Textual
Copyright @ Delhi University Library System